| 000 | 00483nam a2200205Ia 4500 | ||
|---|---|---|---|
| 008 | 170918s9999 xx 000 0 und d | ||
| 020 | _a9780007420100 | ||
| 050 | _bB974 2011 | ||
| 100 | _aBurton, Richard | ||
| 245 | _aArabian nights / | ||
| 245 | _cRichard Burton. | ||
| 260 | _aNew York : | ||
| 260 | _bScholastic, | ||
| 260 | _c2011 | ||
| 300 | _a415 pages : | ||
| 300 | _bcolored illustration ; | ||
| 300 | _c18cm. | ||
| 440 | _aCollins classics. | ||
| 500 | _a850 | ||
| 999 |
_c342120 _d342120 |
||